Animal Crossing - les Villageois Fourmiliers [avec image] - Statistiques

Statistiques générales
  • Ce quiz a été pris 8 fois
  • Le résultat moyen est 6 sur 9
Statistiques - réponses
Par images Réponse % Correct
Anabelle
83%
Cyrano
83%
Blair
67%
Cléo
67%
Mathilda
67%
Roberta
67%
Antonio
50%
Tamara
50%
Tarina
50%
Aucun quiz correspondant
Distribution des résultats
% des personnes avec chaque résultat
Percentile par nombre de réponses
Votre historique - résultats
Vous n’avez pas pris ce quiz